| 000 | 00323nam a22001217a 4500 | ||
|---|---|---|---|
| 008 | 230621b xxu||||| |||| 00| 0 eng d | ||
| 020 | _a929142192837e | ||
| 082 |
_a328.30 _bIPU 2004 |
||
| 245 | _aChronicle of Parliamenatry Elections | ||
| 260 |
_aGeneva _bInter-Parliamentary Union _c2004 |
||
| 300 | _a172p | ||
| 942 |
_2ddc _cBK |
||
| 999 |
_c2323 _d2323 |
||